El 68 : (Record no. 148449)
[ view plain ]
| 000 -CABECERA | |
|---|---|
| campo de control de longitud fija | 00730nam a2200217 u 4500 |
| 005 - FECHA Y HORA DE LA ÚLTIMA TRANSACCIÓN | |
| campo de control | 20250213063816.0 |
| 008 - ELEMENTOS DE LONGITUD FIJA--INFORMACIÓN GENERAL | |
| campo de control de longitud fija | 100607s2008 mx r 000 0 spa d |
| 020 ## - NÚMERO INTERNACIONAL NORMALIZADO PARA LIBROS | |
| Número Internacional Estándar del Libro | 9786074450019 |
| 035 ## - NÚMERO DE CONTROL DEL SISTEMA | |
| Número de control de sistema | UPN01000176346 |
| 049 ## - COLECCIÓN | |
| Colección | CG |
| 050 #4 - SIGNATURA TOPOGRÁFICA DE LA BIBLIOTECA DEL CONGRESO | |
| Número de clasificación | LA428.7 |
| Número de documento/Ítem | M6.3 |
| 100 1# - ASIENTO PRINCIPAL--NOMBRE PERSONAL | |
| Nombre de persona | Monsiváis, Carlos, |
| Fechas asociadas al nombre | 1938-2010 |
| 9 (RLIN) | 28357 |
| 245 13 - MENCIÓN DE TÍTULO | |
| Título | El 68 : |
| Resto del título | la tradición de la resistencia / |
| Mención de responsabilidad, etc. | Carlos Monsiváis. |
| 260 ## - PUBLICACIÓN, DISTRIBUCIÓN, ETC. | |
| Lugar de publicación, distribución, etc. | México : |
| Nombre del editor, distribuidor, etc. | Era, |
| Fecha de publicación, distribución, etc. | 2008. |
| 300 ## - DESCRIPCIÓN FÍSICA | |
| Extensión | 247 p. : |
| Otras características físicas | il. |
| 440 #0 - MENCIÓN DE SERIE/ASIENTO SECUNDARIO--TÍTULO | |
| Título | Bolsillo Era |
| 650 #4 - ASIENTO SECUNDARIO DE MATERIA - TERMINO TEMATICO | |
| Término de materia o nombre geográfico como elemento de entrada | Movimientos estudiantiles |
| Subdivisión geográfica | México |
| Subdivisión general | Historia |
| Subdivisión cronológica | Siglo XX |
| 9 (RLIN) | 4249 |
| 650 #4 - ASIENTO SECUNDARIO DE MATERIA - TERMINO TEMATICO | |
| Término de materia o nombre geográfico como elemento de entrada | Estudiantes universitarios |
| Subdivisión general | Actividad política |
| Subdivisión geográfica | México |
| 9 (RLIN) | 6834 |
| 651 #2 - ASIENTO SECUNDARIO DE MATERIA - NOMBRE GEOGRAFICO | |
| Nombre geográfico | México |
| Subdivisión general | Política y gobierno |
| Subdivisión cronológica | 1946-1970 |
| Subdivisión de forma | Fuentes |
| 9 (RLIN) | 9514 |
| 905 ## - TIPO DE MATERIAL | |
| Tipo de material | Libro |
| Estado de retiro | Estado de pérdida | Fuente del sistema de clasificación o colocación | Estado dañado | No para préstamo | Código de colección | Localización permanente | Ubicación/localización actual | Ubicación en estantería | Fecha de adquisición | Total de préstamos | Renovaciones totales | Clasificación | Código de barras | Fecha visto por última vez | Fecha del último préstamo | Número de copia | Tipo de ítem Koha |
|---|---|---|---|---|---|---|---|---|---|---|---|---|---|---|---|---|---|
| Library of Congress Classification | Colección General | Bib. Gregorio Torres Quintero | Bib. Gregorio Torres Quintero | Planta baja | 22/05/2023 | 33 | 1 | LA428.7 M6.3 | 295295 | 05/06/2025 | 29/05/2025 | 1 | Libro | ||||
| Library of Congress Classification | Colección General | Bib. Gregorio Torres Quintero | Bib. Gregorio Torres Quintero | Planta baja | 02/10/2023 | 33 | LA428.7 M6.3 | 277122 | 28/04/2025 | 02/04/2025 | 1 | Libro | |||||
| Library of Congress Classification | Colección General | Bib. Gregorio Torres Quintero | Bib. Gregorio Torres Quintero | Planta baja | 23/02/2024 | 37 | LA428.7 M6.3 | 273488 | 29/05/2025 | 13/05/2025 | 1 | Libro |
